Colonies, Companies and Felonies Quiz Stats

Quiz Updated Nov 21, 2014

Challenge
Share
Tweet
Embed
Score 0/33 Timer 06:00
0 Plays Today
% Correct
Massachusetts
91.1%
Maryland
90.5%
Connecticut
90.3%
New York
89.9%
Delaware
89.7%
New Jersey
87.8%
Pennsylvania
87.7%
New Hampshire
85.1%
Virginia
83.8%
North Carolina
82.7%
Rhode Island
81.9%
Counterfeiting
81.1%
Aircraft Hijacking
80.1%
Georgia
79.8%
Bank Robbery
79.3%
Treason
76.9%
Espionage
76.2%
% Correct
South Carolina
76%
Mail Fraud
74.8%
Presidential Assassination
74.8%
Boeing
73.8%
Microsoft
71.5%
McDonalds
68.6%
Chevron
63.4%
Wal-Mart
62.6%
Piracy
60.9%
Train Robbery
57%
Home Depot
56.1%
Pfizer
54.7%
Intel
53.1%
Walt Disney
52.9%
Genocide
49.9%
Nike
49.7%

You're not logged in!

Compare scores with friends on all Sporcle quizzes.
Sign Up with Email
OR
Log In

You Might Also Like...

Show Comments

Extras

Top Quizzes Today


Score Distribution

Your Account Isn't Verified!

In order to create a playlist on Sporcle, you need to verify the email address you used during registration. Go to your Sporcle Settings to finish the process.